000 00677nam a2200205Ia 4500
003 IN-BaIIA
008 211028s9999 xx 000 0 eng d
020 _a978-3-319-21956-1
040 _cIIA Library
080 _a52(082.1)
_bASS-423
245 0 _aUnderstanding the Epoch of cosmic reionization
_bchallenges and progress
_cedited by Andrei Mesinger
260 _aCham
_bSpringer
_c2016
300 _axi, 280p.
650 _aAstrophysics
_9794
650 _aCosmic background radiation
_917027
650 _anterstellar hydrogen
_936804
650 _aRadiative transfer
_91568
700 _aMesinger, Andrei., ed.
_936805
942 _cBK
999 _c19252
_d19252